000 00883nam a22002531i 4500
005 20200816102416.0
008 200811s2018 ii a j 000 1 tam d
020 _a9788123435817
_cRM 19.60
_qpaperback
040 _aPPAK
_beng
_cPPAK
_erda
082 0 4 _223
_a398.2
090 0 0 _a398.2
_bTAR
_dK
245 0 0 _6880-01
_aTaṟperumai Koṇṭa Māṉ =
_bProud Deer
264 1 _aChennai, India :
_bNestling Books Publishing and Distributions (P) Ltd. ,
_c2018.
300 _a16 pages :
_bcolor illustration ;
_c29 cm.
336 _2rdacontent
_atext
_astill image
337 _2rdamedia
_aunmediated
338 _2rdacarrier
_avolume
546 _aIn Tamil.
650 1 0 _aTales
_vJuvenile literature.
650 2 0 _aFolklore
_vJuvenile literature.
655 0 _aTamil picture book.
880 0 0 _6245-01
_aதற்பெருமை கொண்ட மான்.
942 _2ddc
_cB
999 _c178632
_d178631